Style and Intersubjectivity in Youth Interaction (Record no. 52949)
[ view plain ]
| 000 -LEADER | |
|---|---|
| fixed length control field | 01075nam a2200241Ia 4500 |
| 000 - LEADER | |
| fixed length control field | 01814naaa 00361uu |
| 001 - CONTROL NUMBER | |
| control field | https://directory.doabooks.org/handle/20.500.12854/39615 |
| 008 - FIXED-LENGTH DATA ELEMENTS--GENERAL INFORMATION | |
| fixed length control field | 211013s9999 xx 000 0 und d |
| 042 ## - AUTHENTICATION CODE | |
| Authentication code | dc |
| 245 #0 - TITLE STATEMENT | |
| Title | Style and Intersubjectivity in Youth Interaction |
| 260 ## - PUBLICATION, DISTRIBUTION, ETC. | |
| Place of publication, distribution, etc. | Boston Berlin |
| Name of publisher, distributor, etc. | De Gruyter Mouton |
| Date of publication, distribution, etc. | 2017 |
| 520 ## - SUMMARY, ETC. | |
| Summary, etc. | This book examines how style and intersubjective meanings emerge through language use. While numerous studies on youth language focus on face-to-face interaction, this book draws data from conversation, e-forums, teen fiction, and comics to offer an integrated account of language change in a community in flux. |
| 540 ## - TERMS GOVERNING USE AND REPRODUCTION NOTE | |
| Terms governing use and reproduction | Creative Commons |
| 653 ## - INDEX TERM--UNCONTROLLED | |
| Uncontrolled term | Linguistics |
| 700 1# - ADDED ENTRY--PERSONAL NAME | |
| Personal name | Djenar, Dwi |
| 700 1# - ADDED ENTRY--PERSONAL NAME | |
| Personal name | Ewing, Michael |
| 700 1# - ADDED ENTRY--PERSONAL NAME | |
| Personal name | Howard, Manns |
| 856 ## - ELECTRONIC LOCATION AND ACCESS | |
| Uniform Resource Identifier | <a href="https://library.oapen.org/bitstream/20.500.12657/30042/1/650054.pdf">https://library.oapen.org/bitstream/20.500.12657/30042/1/650054.pdf</a> |
| 856 ## - ELECTRONIC LOCATION AND ACCESS | |
| Uniform Resource Identifier | <a href="https://library.oapen.org/bitstream/20.500.12657/30042/1/650054.pdf">https://library.oapen.org/bitstream/20.500.12657/30042/1/650054.pdf</a> |
| 856 ## - ELECTRONIC LOCATION AND ACCESS | |
| Uniform Resource Identifier | <a href="www.oapen.org">www.oapen.org</a> |
| 942 ## - ADDED ENTRY ELEMENTS (KOHA) | |
| Koha item type | E-Book |
| Withdrawn status | Source of classification or shelving scheme | Damaged status | Not for loan | Home library | Current library | Date acquired | Total Checkouts | Date last seen | Price effective from | Koha item type |
|---|---|---|---|---|---|---|---|---|---|---|
| Library of Congress Classification | Not For Loan | Directory of Open Access Books | Directory of Open Access Books | 12/22/2021 | 12/22/2021 | 12/22/2021 | E-Book |